000 00364nam a22001457a 4500
003 OSt
005 20160727222359.0
008 160623b xxu||||| |||| 00| 0 eng d
040 _cTEST
100 _9646
_aMcDonnell, L.E
245 _aSusan Comes Through the Fire
260 _aN.Y
_bFriendship Press
_c1969
300 _aSusan Comes Through the Fire
942 _2ddc
_cBK
999 _c527
_d527